Análisis de inversiones en servicios públicos locales : municipales y estatales /

Obra que ofrece metodologías de evaluación socioeconómica y financiera de proyectos, para analizar las inversiones en servicios públicos que realizan los gobiernos estatales y municipales. Se ofrecen técnicas de evaluación de inversión para proyectos de agua potable, alcantarillado, pavimentación, a...

Повний опис

Збережено в:
Бібліографічні деталі
Автор: Castañeda Ortega, Ramón (autor)
Інші автори: Gutiérrez Barbosa, Guillermo (autor) (autor), Zarzosa Escobedo, José Antonio (presentación) (presentación)
Формат: Книга
Мова:Іспанська
Предмети:
Теги: Додати тег
Немає тегів, Будьте першим, хто поставить тег для цього запису!

MARC

LEADER 00000nam^a2200000^a^4500
001 000167858
005 20250521000000.0
009 20260310101141.073
020 |a 968-7544-62-7 
037 |a Acervo ITESO - Biblioteca 
041 |a ESP 
082 |a 351. 2  |b CAS 
100 |a Castañeda Ortega, Ramón  |e (autor) 
245 1 0 |a Análisis de inversiones en servicios públicos locales :  |b municipales y estatales /  |c R. Castañeda Ortega ; presen. de J.A. Zarzosa Escobedo. 
264 |a Guadalajara, México :  |b Instituto para el Desarrollo Técnico de las Haciendas Públicas,  |c 1998 
300 |a 339 p. 
336 |a texto  |b txt  |2 rdacontenido 
337 |a sin mediación  |b n  |2 rdamedio 
338 |a volumen  |b nc  |2 rdasoporte 
520 |a Obra que ofrece metodologías de evaluación socioeconómica y financiera de proyectos, para analizar las inversiones en servicios públicos que realizan los gobiernos estatales y municipales. Se ofrecen técnicas de evaluación de inversión para proyectos de agua potable, alcantarillado, pavimentación, alumbrado público, aseo, infraestructura vial, carreteras y educación. Una herramienta útil para la administración pública de servicios. 
649 |a XX 
650 |a Servicios Públicos -  |z México -  |x Administración 
650 |a Servicios Públicos -  |x Planeación 
650 |a Inversiones 
650 |a Finanzas -  |x Análisis 
650 |a Política Municipal 
650 |a Municipios -  |z México -  |x Administración 
650 |a Finanzas Públicas -  |x Administración 
650 |a Planeación Administrativa 
650 |a Planeación Regional 
650 |a Planeación Estratégica 
650 |a Administración Financiera -  |z México 
650 |a Administración Pública -  |z México 
700 |a Gutiérrez Barbosa, Guillermo  |e (autor) 
700 |a Zarzosa Escobedo, José Antonio  |e (presentación) 
910 |a Fondo General 
920 |a Impresos - Libros 
930 |a Colección General 
905 |a 101 
901 |a 0500104106  |b IT1  |c ACC  |u 20250521 
902 |a https://opac.biblio.iteso.mx/vufind/Record/000167858